000 00483nam a2200121Ia 4500
008 220216s9999 xx 000 0 und d
100 _aMathews K C
245 0 _aPlywod from plantation species: Present status and future research needs
260 _bIn: Proceedings of the Natioanl Seminar on Processing an Utilisation of Plantation Timbers and Bamboo, 23-24 July 1998, IPIRTI, Bangalore, India, pp. 142-150.
700 _aNarayanaprasad T R
700 _aZoolagud S S
942 _cBO
999 _c48256
_d48256